Maʻrid al-funūn al-tashkīlīyah, (Record no. 51180)

MARC details
000 -LEADER
fixed length control field 00951cam a22002171 4500
001 - CONTROL NUMBER
control field ne 68004875
003 - CONTROL NUMBER IDENTIFIER
control field DLC
005 - DATE AND TIME OF LATEST TRANSACTION
control field 20260227111852.0
008 - FIXED-LENGTH DATA ELEMENTS--GENERAL INFORMATION
fixed length control field 900503s1966 ua a c 000 0 arar
010 ## - LIBRARY OF CONGRESS CONTROL NUMBER
LC control number ne 68004875
025 ## - OVERSEAS ACQUISITION NUMBER
Overseas acquisition number PL480:UAR-8951
035 ## - SYSTEM CONTROL NUMBER
System control number (OCoLC)21476884
040 ## - CATALOGING SOURCE
Original cataloging agency DLC
Transcribing agency WaU
Modifying agency DLC
050 00 - LIBRARY OF CONGRESS CALL NUMBER
Classification number N7381
Item number .R3
110 2# - MAIN ENTRY--CORPORATE NAME
Corporate name or jurisdiction name as entry element Rābiṭat Khirrījī Maʻāhid wa-Kullīyāt al-Tarbiyah bi-al-Qāhirah.
245 10 - TITLE STATEMENT
Title Maʻrid al-funūn al-tashkīlīyah,
Remainder of title 1965, alladhī iftatḥahu al-Sayyid al-Duktūr Muḥammad ʻAbd al-Qādir Ḥatim Naʼib Raʼīs al-Wuzarāʼ lil-lil-Thaqāfah wa-al-Irshād al-Qawmī, Ṣālat al-Funūn al-Jamīlah, Bāb al-Lūq, al-Qāhirah fī al-muddah min 30/8/1965 ila 7/9/1965.
260 ## - PUBLICATION, DISTRIBUTION, ETC.
Place of publication, distribution, etc. [al-Qāhirah,
Date of publication, distribution, etc. 1966]
300 ## - PHYSICAL DESCRIPTION
Extent 30 p.
Other physical details illus.
Dimensions 24 cm.
500 ## - GENERAL NOTE
General note At head of title: Rābiṭat Khirrījī Maʻāhid wa-Kullīyāt al-Tarbīyah.
650 #0 - SUBJECT ADDED ENTRY--TOPICAL TERM
Topical term or geographic name entry element Art, Egyptian
Chronological subdivision 20th century
Form subdivision Exhibitions.

No items available.

Powered by Koha